000 00408nam a2200181Ia 4500
003 0STCL
008 150530s9999 xx 000 0 und d
040 _aSTCL
_cSTCL
100 _aManoj, M.D.
245 _aRaveendra Sangeetham
250 _a2
260 _bOlive Publications ; Kozhikode
_c2010
300 _a0
546 _aMalayalam
942 _2ddc
_cBK
999 _c66977
_d66977
005 20220125171335.0